5 Most Populous Cities in Colombia - Statistics

General Stats
  • This quiz has been taken 11 times
  • The average score is 4 of 5
Answer Stats
Population City % Correct
7,937,898 Bogotá
100%
1,342,818 Barranquilla
91%
2,285,099 Cali
91%
2,634,570 Medellín
91%
1,065,881 Cartagena
64%
No matching quizzes found
Score Distribution
Percent of People with Each Score
Percentile by Number Answered
Your Score History
You have not taken this quiz